| 000 | 00520nam a2200157Ia 4500 | ||
|---|---|---|---|
| 003 | SGT | ||
| 020 | _a9788120314467 | ||
| 082 |
_a6.7 _bMUK |
||
| 100 | _aMukherjee, Dipti Prasad | ||
| 245 | _aFundamentals of computer graphics and multimedia | ||
| 260 |
_bPHI Learning Private Limited _aNew Delhi _c1999 |
||
| 300 | _a182p. | ||
| 650 | _aCOMPUTER SCIENCE | ||
| 653 | _aAPPLICATIONS,GRAPHIC DEVICES,DRAWING GEOMETRY,CONICS AND CURVES,3D GRAPHICS,ILLUMINATION AND SHADING,TWEENING AND MORPHING,MULTIMEDIA | ||
| 942 |
_2ddc _cBK |
||
| 999 |
_c5108 _d5108 |
||